Terminaisons de pays les plus courantes - Statistiques

Statistiques générales
  • Ce quiz a été pris 1 131 fois
  • Le résultat moyen est 14 sur 20
Statistiques - réponses
Nombre Deux dernières
Lettres
Exemple % Correct
39 ie Albanie, Indonésie, Mauritanie, Syrie...
99%
11 ne Allemagne, Chine, Palestine, Ukraine...
97%
3 ce Grèce, France, Maurice
94%
15 an Afghanistan, Bhoutan, Oman, Vatican…
93%
9 de Barbade, Finlande, Inde, Nouvelle-Zélande...
91%
5 ue Belgique, Dominique, Mexique, Mozambique...
80%
3 on Gabon, Îles Salomon, Japon
79%
4 al Népal, Portugal, Sénégal, Timor Oriental
76%
4 da Antigua-et-Barbuda, Canada, Ouganda, Rwanda
73%
3 te Arabie Saoudite, Egypte, Malte
71%
3 re Andorre, Chypre, Côte d'Ivoire
65%
3 la Angola, Guatemala, Venezuela
61%
3 ud Afrique du Sud, Corée du Sud, Soudan du Sud
60%
3 as Bahamas, Honduras, Pays-Bas
51%
4 in Bahreïn, Bénin, Liechtenstein, Saint-Marin
51%
3 ée Papouasie-Nouvelle-Guinée, Guinée, Erythrée
48%
5 es Comores, Maldives, Philippines, Seychelles...
47%
4 go RDC, République du Congo, Trinité-et-Tobago, Togo
46%
3 na Botswana, Ghana, Guyana
46%
3 ti Djibouti, Haïti, Kiribati
34%
Aucun quiz correspondant
Distribution des résultats
% des personnes avec chaque résultat
Percentile par nombre de réponses
Votre historique - résultats
Vous n’avez pas pris ce quiz